Evaluation de l'efficacité de quelques pesticides botaniques dans le contrôle de Sclerotium Rolfsii Sacc. Agent responsable de la fonte de semis dans la vollée de l'Ouémé, République du Bénin (Record no. 30547)

MARC details
000 -LEADER
fixed length control field 01177 a2200301 4500
041 ## - CODE DE LANGUE
Language code of summary or abstract/overprinted title or subtitle Fr
040 ## - SOURCE DU CATALOGAGE
Original cataloging agency DOC.
041 ## - CODE DE LANGUE
Language code of summary or abstract/overprinted title or subtitle Fr
041 ## - CODE DE LANGUE
Language code of summary or abstract/overprinted title or subtitle En
100 ## - VEDETTE PRINCIPALE - NOM DE PERSONNE
Personal name AMADOU, Abdou
130 ## - VEDETTE PRINCIPALE - TITRE UNIFORME
Language of a work Fr
245 ## - TITLE STATEMENT
Title Evaluation de l'efficacité de quelques pesticides botaniques dans le contrôle de Sclerotium Rolfsii Sacc. Agent responsable de la fonte de semis dans la vollée de l'Ouémé, République du Bénin
300 ## - PHYSICAL DESCRIPTION
Extent XIV-66 p.
300 ## - PHYSICAL DESCRIPTION
Other physical details ill., graph., tabl,;29 cm.
502 ## - DISSERTATION NOTE
Dissertation note Thèse
520 ## - SUMMARY, ETC.
Summary, etc La présente étude évalue l'efficacité de quelques pesticides botaniques dans le contrôle de S. rolfsii, pathogène responsable de la fonte de semis du niébé dans la vallée de l'Ouémé...
653 1# - INDEX TERM--UNCONTROLLED
Uncontrolled term Sciences et Techniques de Production Animale
650 ## - SUBJECT ADDED ENTRY--TOPICAL TERM
Topical term or geographic name as entry element PESTICIDE D'ORIGINE VEGETALE
650 ## - SUBJECT ADDED ENTRY--TOPICAL TERM
Topical term or geographic name as entry element SCLEROTIUM ROLFSII SACC
650 ## - SUBJECT ADDED ENTRY--TOPICAL TERM
Topical term or geographic name as entry element NIEBE
651 ## - SUBJECT ADDED ENTRY--GEOGRAPHIC NAME
Geographic name OUEME
651 ## - SUBJECT ADDED ENTRY--GEOGRAPHIC NAME
Geographic name VALLEE DE L'OUEME
653 #1 - INDEX TERM--UNCONTROLLED
Uncontrolled term Sciences et Techniques de Production Animale
651 ## - SUBJECT ADDED ENTRY--GEOGRAPHIC NAME
Geographic name BENIN
690 ## - LOCAL SUBJECT ADDED ENTRY--TOPICAL TERM (OCLC, RLIN)
Topical term or geographic name as entry element PESTICIDE BOTANIQUE
710 ## - ADDED ENTRY--CORPORATE NAME
Corporate name or jurisdiction name as entry element <Abomey-Calavi>, <Université d'Abomey-Calavi>, <FAculté des Sciences Agronomiques>, <UAC>, <BJ>
Holdings
Withdrawn status Lost status Damaged status Not for loan Location (home branch) Sublocation or collection (holding branch) Date acquired Koha issues (times borrowed) Koha full call number Koha date last seen Copy number Price effective from Koha item type Public note
        Bibliothèque-Centre de Documentation de la Faculté des Sciences Agronomiques Bibliothèque-Centre de Documentation de la Faculté des Sciences Agronomiques 08/05/2005   A.8636.TPV.2001.002 28/02/2009 03 28/02/2009 Livre A.10045


© 2008, Bibliothèques de l'Université d'Abomey-Calavi

04 BP 789 Cotonou, Tél. : +229 21 36 01 01, Fax : +229 21 35 06 32

Courriel : bu@bu.uac.bj